000 01079cam a2200193 4500
001 ABS65121
008 020305n2002 000 0 eng u
035 _a(Sirsi) u117000
100 _aHenchie, N.
245 _aDon't even think about it
260 _c2002
490 _aBuilding
_v267(8222) 22 February 2002, 52-53(2)
520 _aWarns that adjudication is so flawed even an insubstantial claim has a chance of success. Argues that it may be possible to deter a party from starting adjudication, and to make the process fairer to the responding party, by inserting certain clauses in the contract. An example of such a clause is one which makes the party initialising the process responsible for its entire costs.
590 _aABS
650 _aMANAGEMENT-DISPUTE AVOIDANCE, MANAGEMENT AND RESOLUTION-DISPUTE MANAGEMENT AND RESOLUTION-ALTERNATIVE DISPUTE RESOLUTION-ADJUDICATION
650 _aBUILT ENVIRONMENT-BUILDING CONTRACT FORMS-STANDARD FORMS OF BUILDING CONTRACT-INSTITUTION OF CIVIL ENGINEERS CONTRACTS
690 _aDISPUTE RESOLUTION
_96236
942 _n0
999 _c69691
_d69691